000 00606nam a2200241Ia 4500
003 OSt
005 20220918185124.0
006 a|||||r|||| 00| 0
007 ta
008 220917b |||||||| |||| 00| 0 eng d
024 _a49,669
037 _cTextual
040 _aARTS
_cARTS
_beng
041 _2eng
_aeng
082 _aP,4, N6
100 _aBorsley R D
_967882
245 0 _aModern phrase structure Grammar
260 _aOxford
_bBlackwell
_c1996
300 _axi, 270p.
_ccm.
650 _aLINGUISTICS
942 _hP,4, N6
_cTEXL
_2CC
999 _c179291
_d179291